Online
Catalog

Los cuentos de Quico el azuano : (Record no. 60289)

MARC details
000 -CABECERA
campo de control de longitud fija 01852nam a2200325 i 4500
003 - IDENTIFICADOR DEL NÚMERO DE CONTROL
campo de control DO-SdBNP
005 - FECHA Y HORA DE LA ÚLTIMA TRANSACCIÓN
campo de control 20260520121331.0
007 - CAMPO FIJO DE DESCRIPCIÓN FÍSICA--INFORMACIÓN GENERAL
campo de control de longitud fija ta
008 - DATOS DE LONGITUD FIJA--INFORMACIÓN GENERAL
campo de control de longitud fija 260210b2025 dr a|||| |||| 00| 0 spa d
020 ## - NÚMERO INTERNACIONAL ESTÁNDAR DEL LIBRO
Número Internacional Estándar del Libro 9789945224283
040 ## - FUENTE DE LA CATALOGACIÓN
Centro catalogador/agencia de origen DO-SdBNP
Lengua de catalogación spa
Centro/agencia transcriptor BNPHU
Normas de descripción rda
041 ## - CÓDIGO DE LENGUA
Código de lengua del texto/banda sonora o título independiente spa
082 #4 - NÚMERO DE LA CLASIFICACIÓN DECIMAL DEWEY
Número de clasificación RD863.44
Número de documento/Ítem G241L
Número de edición 22
100 1# - ENTRADA PRINCIPAL--NOMBRE DE PERSONA
Nombre de persona Garrido Jansen, Luis Rafael
Término indicativo de función/relación autor
Código de función/relación aut.
9 (RLIN) 88995
245 14 - MENCIÓN DE TÍTULO
Título Los cuentos de Quico el azuano :
Resto del título nostalgias barriales y algo más /
Mención de responsabilidad, etc. Luis Rafael Garrido Jansen ; revisión técnica, Ángela Garrido ; ilustración, Margarita Lora
264 #4 - PRODUCCIÓN, PUBLICACIÓN, DISTRIBUCIÓN, FABRICACIÓN Y COPYRIGHT
Producción, publicación, distribución, fabricación y copyright Santo Domingo, República Dominicana :
Nombre del de productor, editor, distribuidor, fabricante Editora Búho, S.R.L.,
Fecha de producción, publicación, distribución, fabricación o copyright ©2025.
300 ## - DESCRIPCIÓN FÍSICA
Extensión 155 páginas :
Otras características físicas ilustraciones ;
Dimensiones 23 cm.
336 ## - TIPO DE CONTENIDO
Término de tipo de contenido texto
Código de tipo de contenido txt
Fuente rdacontent
337 ## - TIPO DE MEDIO
Nombre/término del tipo de medio sin mediación
Código del tipo de medio n
Fuente rdamedia
338 ## - TIPO DE SOPORTE
Nombre/término del tipo de soporte volumen
Código del tipo de soporte nc
Fuente rdacarrier
500 ## - NOTA GENERAL
Nota general Incluye datos biográficos de autor en las solapas
505 ## - NOTA DE CONTENIDO CON FORMATO
Nota de contenido con formato Prólogo, Ángela Garrido, 11 -- Presentación, 13 -- La tinta verdiazul del cobre curó a Minina, 15 -- El lema del viejo Ruperto: «Educación-canción, Educación-canción», 25 -- El lunes, el diablo se llevó a Buán Andújar, 33 -- Al hijo de Nigel se lo tragó la tierra, 49 -- Cascarrabias y desfleques masivos de «machetes», 63 -- Dos chichones en la cabeza, 81 -- Prepado florido y monetario-Esa cosa rara le cayó al dulcero Pedro, 89 -- Coba azul, Lipo y el engaño de menor valor monetario en el mundo entero, 103 -- ¡Por ahí no, ya te dije que no! Cuento rimado, 125 -- Amasada la masa del Pavo, y esa masa producirá más masa sana, 129
590 ## - NOTA LOCAL (RLIN)
Nota local Inventariado, 2026 /LP
650 #7 - PUNTO DE ACCESO ADICIONAL DE MATERIA--TÉRMINO DE MATERIA
Término de materia o nombre geográfico como elemento de entrada Cuetos dominicanos
Fuente del encabezamiento o término LEMB
9 (RLIN) 29464
650 #7 - PUNTO DE ACCESO ADICIONAL DE MATERIA--TÉRMINO DE MATERIA
Término de materia o nombre geográfico como elemento de entrada Literatura dominicana
Fuente del encabezamiento o término LEMB
700 1# - PUNTO DE ACCESO ADICIONAL--NOMBRE DE PERSONA
Nombre de persona Garrido, Ángela,
Término indicativo de función/relación revisión
Código de función/relación rev.
9 (RLIN) 89233
700 1# - PUNTO DE ACCESO ADICIONAL--NOMBRE DE PERSONA
Nombre de persona Lora, Margarita,
Término indicativo de función/relación ilustrador
Código de función/relación il.
9 (RLIN) 89234
910 ## - DATOS DE OPCIÓN DEL USUARIO (OCLC)
Datos de opción del usuario LP
942 ## - ELEMENTOS DE PUNTO DE ACCESO ADICIONAL (KOHA)
Fuente del sistema de clasificación o colocación Dewey Decimal Classification
Tipo de ítem Koha Libro
Holdings
Estado de retiro Estado de pérdida Fuente del sistema de clasificación o colocación Restricciones de uso No para préstamo Código de colección Localización permanente Ubicación/localización actual Ubicación en estantería Fecha de adquisición Fuente de adquisición Total de préstamos Signatura topográfica completa Código de barras Fecha visto por última vez Precio válido a partir de Tipo de ítem Koha Número de copia
    Dewey Decimal Classification Excluido de préstamo   Patrimonio Dominicano Biblioteca Nacional Pedro Henríquez Ureña Biblioteca Nacional Pedro Henríquez Ureña Depósito 06.11.2025 Donado por Editora Búho   BNPHU PD RD863.44 G241L 2026-0955 10.02.2026 10.02.2026 Libro  
    Dewey Decimal Classification Excluido de préstamo   Patrimonio Dominicano Biblioteca Nacional Pedro Henríquez Ureña Biblioteca Nacional Pedro Henríquez Ureña Depósito 06.11.2025 Donado por Editora Búho   BNPHU PD RD863.44 G241L 2026-0956 10.02.2026 10.02.2026 Libro e. 2
    Dewey Decimal Classification Préstamo en sala   Dominicana de Servicio Biblioteca Nacional Pedro Henríquez Ureña Biblioteca Nacional Pedro Henríquez Ureña Depósito 29.04.2026 Depósito Legal   BNPHU DS RD863.44 G241L 2026-3358 29.04.2026 29.04.2026 Libro e.3
    Dewey Decimal Classification Excluido de préstamo   Dominicana de Servicio Biblioteca Nacional Pedro Henríquez Ureña Biblioteca Nacional Pedro Henríquez Ureña Depósito 29.04.2026 Donación   BNPHU DS RD863.44 G241L 2026-3359 29.04.2026 29.04.2026 Libro e.4
    Dewey Decimal Classification Préstamo en sala   Dominicana de Servicio Biblioteca Nacional Pedro Henríquez Ureña Biblioteca Nacional Pedro Henríquez Ureña Depósito 29.04.2026 Donación   BNPHU DS RD863.44 G241L 2026-3360 29.04.2026 29.04.2026 Libro e.5

Powered by Koha